Catholic University of Zimbabwe Library
Online Public Access Catalogue
(OPAC)

Japanese etiquette & ethics in business (Record no. 12843)

MARC details
000 -LEADER
fixed length control field 00415 a2200145 4500
245 ## - TITLE STATEMENT
Title Japanese etiquette & ethics in business
Medium print
020 ## - INTERNATIONAL STANDARD BOOK NUMBER
International Standard Book Number 0844285072 (pbk.) :
250 ## - EDITION STATEMENT
Edition statement 5th ed.
650 ## - SUBJECT ADDED ENTRY--TOPICAL TERM
Topical term or geographic name entry element ethics
260 ## - PUBLICATION, DISTRIBUTION, ETC.
Place of publication, distribution, etc. ilu
Name of publisher, distributor, etc. Passport Books
Date of publication, distribution, etc. c1987
084 ## -
-- HF5387 .D384 1987
300 ## - PHYSICAL DESCRIPTION
Extent ix, 182 p. : ill.
Other physical details 23 cm.
Dimensions ix, 182 p. : ill. ; 23 cm.
500 ## - GENERAL NOTE
General note Boye de Mente.

No items available.

OPENING HOURS

Weekdays: 0815hrs - 1800hrs
Weekends:0900hrs - 1200hrs

Closed for Mass:

Mon, Thur: 1200hrs - 1300hrs
Sunday & Public Holiday’s

CALL SUPPORT

0242-570570, 0242-570169
09200664, +263 8644140602

LOCATION

18443, Cranborne Avenue, Hatfield, Harare

Other Links


©2021 | CUZ Library